| 000 -CABECERA |
| Longitud fija campo de control |
00792nas a22002057a 4500 |
| 003 - IDENTIFICADOR DEL NÚMERO DE CONTROL |
| Identificador del número de control |
OSt |
| 005 - FECHA Y HORA DE LA ÚLTIMA TRANSACCIÓN |
| Fecha y hora de la última transacción |
20181016130953.0 |
| 008 - CÓDIGOS DE INFORMACIÓN DE LONGITUD FIJA |
| Códigos de información de longitud fija |
130702c1998 sp fr||| |||| 00| 0 cat d |
| 022 ## - NÚMERO INTERNACIONAL NORMALIZADO PARA PUBLICACIONES SERIADAS |
| Número Internacional Normalizado para Publicaciones Seriadas |
1575-5886 |
| 040 ## - FUENTE DE LA CATALOGACIÓN |
| Centro transcriptor |
CDMR |
| Lengua de catalogación |
cat |
| 245 00 - MENCIÓN DE TÍTULO |
| Título |
BiD |
| Resto del título |
: textos universitaris de biblioteconomia i documentació |
| Medio |
[recurs electrònic] |
| 260 ## - PUBLICACIÓN, DISTRIBUCIÓN, ETC. (PIE DE IMPRENTA) |
| Lugar de publicación, distribución, etc. |
Barcelona |
| Nombre del editor, distribuidor, etc. |
Universitat de Barcelona. Facultat de Biblioteconomia i Documentació |
| Fecha de publicación, distribución, etc. |
1998- |
| 310 ## - PERIODICIDAD ACTUAL |
| Periodicidad actual |
Semestral |
| 362 ## - FECHAS DE PUBLICACIÓN Y/O DESIGNACIÓN SECUENCIAL |
| Fecha de publicación y/o designación secuencial |
Núm. 1 (juny 1998) - |
| 650 04 - PUNTO DE ACCESO ADICIONAL DE MATERIA - TÉRMINO DE MATERIA |
| 9 (RLIN) |
4578 |
| Término de materia o nombre geográfico como elemento inicial |
Comunicació en biblioteconomia |
| 650 04 - PUNTO DE ACCESO ADICIONAL DE MATERIA - TÉRMINO DE MATERIA |
| 9 (RLIN) |
4579 |
| Término de materia o nombre geográfico como elemento inicial |
Comunicació en ciències de la informació |
| 710 2# - PUNTO DE ACCESO ADICIONAL - NOMBRE DE ENTIDAD |
| 9 (RLIN) |
3908 |
| Nombre de entidad o nombre de jurisdicción como elemento inicial |
Universitat de Barcelona |
| Unidad subordinada |
-- Facultat de Biblioteconomia i Documentació |
| 856 40 - LOCALIZACIÓN Y ACCESO ELECTRÓNICO |
| Identificador Uniforme del Recurso (URI) |
<a href="http://www.ub.edu/bid/">http://www.ub.edu/bid/</a> |
| Texto del enlace |
Disponible en línia |
| Nota pública |
(Accés lliure) |
| 856 40 - LOCALIZACIÓN Y ACCESO ELECTRÓNICO |
| Identificador Uniforme del Recurso (URI) |
<a href="https://dialnet.unirioja.es/servlet/revista?codigo=1950">https://dialnet.unirioja.es/servlet/revista?codigo=1950</a> |
| Texto del enlace |
Disponible en línia (Dialnet) |
| 942 ## - ENTRADA DE ELEMENTOS AGREGADOS (KOHA) |
| Fuente de clasificaión o esquema |
|
| Koha [por defecto] tipo de item |
Publicacions periòdiques |